| Tag |
First Indicator |
Second Indicator |
Subfields |
| LEADER |
00000cam a2200000 4500 |
| 001 |
in00000061868 |
| 005 |
20151008051059.0 |
| 008 |
750606s1922 eng u |
| 010 |
|
|
|a 22018944
|
| 035 |
|
|
|a (OCoLC)01377930
|
| 035 |
|
|
|9 AAG5575AM
|
| 040 |
|
|
|c DZM
|d TXA
|d UtOrBLW
|
| 049 |
|
|
|a TXAM
|c [18110]
|
| 050 |
0 |
0 |
|a BR50
|b .C55
|
| 092 |
|
|
|a 204
|b C55
|
| 245 |
0 |
0 |
|a Christianity and problems of today :
|b lectures delivered before Lake Forest college on the foundation of the late William Bross.
|
| 264 |
|
1 |
|a New York :
|b C, Scribner's sons,
|c [1922]
|
| 264 |
|
4 |
|c [©1922]
|
| 300 |
|
|
|a 5 pages 1., 3-159p.0 ;
|c 20 cm.
|
| 336 |
|
|
|a text
|b txt
|2 rdacontent
|
| 337 |
|
|
|a unmediated
|b n
|2 rdamedia
|
| 338 |
|
|
|a volume
|b nc
|2 rdacarrier
|
| 490 |
0 |
|
|a The Bross lectures, 1921
|
| 500 |
|
|
|a Half-title: The Bross Library, volume xi.
|
| 505 |
0 |
|
|a From generation to generation, by J. H. Finley.--Jesus' social plan, by C. F. Kent.--Personal religion and public morals, by R. B. Taylor.--Religion and social discontent, by P. E. More.--The teachings of Jesus as factors in international politics, with espocial reference to Far-Eastern problems, by J. W. Jenks.
|
| 600 |
1 |
0 |
|a Finley, John H.
|q (John Huston),
|d 1863-1940.
|
| 600 |
1 |
0 |
|a Kent, Charles Foster,
|d 1867-1925.
|
| 600 |
1 |
0 |
|a Taylor, Robert Bruce.
|
| 600 |
1 |
0 |
|a More, Paul Elmer,
|d 1864-1937.
|
| 600 |
1 |
0 |
|a Jenks, Jeremiah Whipple,
|d 1856-1929.
|
| 999 |
|
|
|a MARS
|
| 999 |
f |
f |
|s be6876f3-99bc-36b5-bb8c-15dfe9572650
|i 51f8240d-0cff-352c-9de7-6d521262d497
|t 0
|
| 952 |
f |
f |
|p ric
|a Texas A&M University
|b Rellis Campus
|c Joint Library Facility
|d Remote Storage
|t 0
|e BR50 .C55
|h Library of Congress classification
|i unmediated -- volume
|m A14800598880
|
| 998 |
f |
f |
|a BR50 .C55
|t 0
|l Remote Storage
|